LEADER 01175nmm a2200325 i 4500 001 991003688529707536 007 cr cn ---mpcbr 008 190726s1978 de | o j |||| 0|ger d 020 $z9783540086598 035 $ab14371741-39ule_inst 040 $aBibl. Dip.le Aggr. Matematica e Fisica - Sez. Matematica$beng 082 04$a515.352 084 $aAMS 34A20 100 1 $aJurkat, W. B.$0441224 245 10$aMeromorphe Differentialgleichungen$h[e-book] 260 $aBerlin : $bSpringer,$c1978 300 $a1 online resource 490 1 $aLecture notes in mathematics,$x0075-8434 ;$v637 650 0$aDifferential equations in the complex domain 650 0$aInvariants 650 0$aMeromorphic functions 650 0$aPartial differential equations 773 0 $aSpringer eBooks 776 08$iPrinted edition:$z9783540086598 856 40$zAn electronic book accessible through the World Wide Web$uhttps://link.springer.com/book/10.1007/BFb0068236 907 $a.b14371741$b03-03-22$c26-07-19 912 $a991003688529707536 996 $aMeromorphe Differentialgleichungen$980750 997 $aUNISALENTO 998 $ale013$b26-07-19$cm$d@ $e-$fger$gde $h0$i0 LEADER 01949nam 2200457z- 450 001 9910346803703321 005 20210211 035 $a(CKB)4920000000095551 035 $a(oapen)https://directory.doabooks.org/handle/20.500.12854/44611 035 $a(oapen)doab44611 035 $a(EXLCZ)994920000000095551 100 $a20202102d2014 |y 0 101 0 $aspa 135 $aurmn|---annan 181 $ctxt$2rdacontent 182 $cc$2rdamedia 183 $acr$2rdacarrier 200 00$aDeclaracio?n Universal sobre Bioe?tica y Derechos Humanos de la Unesco y la discapacidad 210 $cPublicacions i Edicions de la Universitat de Barcelona$d2014 215 $a1 online resource (120 p.) 225 1 $aCol·lecció de Bioètica 311 08$a84-475-3839-7 330 $aLa Unesco propugna que la Declaracio?n Universal sobre Bioe?tica y Derechos Humanos puede y debe ser considerada como un marco de principios y pautas bioe?ticas que se deben aplicar, tambie?n, en el tratamiento de las cuestiones de la discapacidad. Este libro aporta claves que permiten a los estados y al resto de agentes implicados adoptar la perspectiva de la diversidad funcional y las capacidades diferenciadas que evite la exclusio?n, desde un enfo­que basado en los derechos humanos. 606 $aMedicine$2bicssc 610 $aBioethics 610 $aBioe?tica 610 $aComentaris sobre legislacio? 610 $aDiscapacitats 610 $aDrets humans 610 $aHuman rights 610 $aPeople with disabilities 615 7$aMedicine 700 $aItziar de Lecuona Ramírez$4auth$01292374 702 $aMaría Casado$4auth 702 $aAlbert Royes$4auth 702 $aBlanca Bórquez$4auth 702 $aAntoni Vilà$4auth 906 $aBOOK 912 $a9910346803703321 996 $aDeclaración Universal sobre Bioética y Derechos Humanos de la Unesco y la discapacidad$93040667 997 $aUNINA